Statistics for Flags of the World but Nordic #3

Click here to take the quiz!

General Stats

  • This quiz has been taken 101 times
  • The average score is 18 of 20

Answer Stats

Answer% Correct
Israel
100%
Switzerland
100%
Cyprus
99%
Qatar
99%
Greece
98%
Kenya
97%
Netherlands
96%
Panama
96%
Mongolia
95%
Bangladesh
92%
Vietnam
90%
Laos
89%
Niger
88%
Philippines
87%
Taiwan
87%
Armenia
85%
Ukraine
76%
Myanmar
74%
Central African Republic
71%
Algeria
58%

Score Distribution

Percentile by Number Answered

Percent of People with Each Score

Your Score History

You have not taken this quiz